| Tag |
First Indicator |
Second Indicator |
Subfields |
| LEADER |
00000cam a2200000 a 4500 |
| 001 |
in00000082266 |
| 005 |
20151008061114.0 |
| 008 |
760720s1976 dcu b 00010 engm |
| 010 |
|
|
|a 76363002
|
| 035 |
|
|
|a (OCoLC)02967520
|
| 035 |
|
|
|9 AAJ7316AM
|
| 040 |
|
|
|a DLC
|c DLC
|d OCL
|d m.c.
|d TXA
|d UtOrBLW
|
| 043 |
|
|
|a n-us-dc
|
| 049 |
|
|
|a TXAM
|c [1482007],1 [1482008],2
|
| 050 |
0 |
0 |
|a HD7304.W3
|b B62
|
| 082 |
0 |
|
|a 333.3/3
|
| 100 |
1 |
|
|a Black, J. Thomas
|q (James Thomas),
|d 1942-
|
| 245 |
1 |
0 |
|a Prospects for rental housing production under rent control :
|b a case study of Washington, D.C. /
|c J. Thomas Black ; sponsored by the Federal City Council.
|
| 264 |
|
1 |
|a Washington, D.C. :
|b Urban Land Institute,
|c [1976]
|
| 264 |
|
4 |
|c ©1976
|
| 300 |
|
|
|a 32 pages ;
|c 28 cm.
|
| 336 |
|
|
|a text
|b txt
|2 rdacontent
|
| 337 |
|
|
|a unmediated
|b n
|2 rdamedia
|
| 338 |
|
|
|a volume
|b nc
|2 rdacarrier
|
| 490 |
1 |
|
|a ULI research report ;
|v no. 24
|
| 504 |
|
|
|a Includes bibliographical references.
|
| 650 |
|
0 |
|a Rent control
|z Washington (D.C.)
|
| 650 |
|
0 |
|a Rental housing
|z Washington (D.C.)
|
| 710 |
2 |
|
|a Federal City Council (Washington, D.C.)
|
| 830 |
|
0 |
|a ULI research report ;
|v no. 24.
|
| 999 |
|
|
|a MARS
|
| 999 |
f |
f |
|s 5a06005f-9169-36c9-a616-4e4d03cbb284
|i 8acf7d04-f736-35f2-b3f1-5504064c0c3c
|t 0
|
| 952 |
f |
f |
|p ric
|a Texas A&M University
|b Rellis Campus
|c Joint Library Facility
|d Remote Storage
|t 0
|e HD7304.W3 B62
|h Library of Congress classification
|i unmediated -- volume
|m A14806129621
|
| 998 |
f |
f |
|a HD7304.W3 B62
|t 0
|l Remote Storage
|